Estimación de los determinantes de la desigualdad en los ingresos laborales de Costa Rica para el período 2001-2009 /

En este artículo se analiza el comportamiento de la desigualdad en los ingresos laborales de Costa Rica en la última década, resultando que el crecimiento en esta desigualdad visto, desde el año 2005 es explicado por las diferencias de ingresos por nivel de educación, tanto para hombres como mujeres...

Полное описание

Сохранить в:
Библиографические подробности
Главный автор: Fernández Aráuz, Andrés
Другие авторы: Valle Alvarado, Roberto del
Формат: Текст
Предметы:
Метки: Добавить метку
Нет меток, Требуется 1-ая метка записи!

MARC

LEADER 00000 a a2200000 04500
001 43479
003
040
100 |a Fernández Aráuz, Andrés  
245 |a Estimación de los determinantes de la desigualdad en los ingresos laborales de Costa Rica para el período 2001-2009 /  |c Andrés Fernández Aráuz ; Roberto del Valle Alvarado  
500 |a affa17@gmail.com   |a roberto.dva@gmail.com  
520 |a En este artículo se analiza el comportamiento de la desigualdad en los ingresos laborales de Costa Rica en la última década, resultando que el crecimiento en esta desigualdad visto, desde el año 2005 es explicado por las diferencias de ingresos por nivel de educación, tanto para hombres como mujeres, y por la brecha social salarial por horas trabajadores, en el caso de las mujeres.  
590 |a RRH/MAYO2013  
650 |a DESIGUALDAD SOCIAL  
650 |a DISTRIBUCION DEL INGRESO  
650 |a GENERO  
650 |a EDUCACION  
650 |a COSTA RICA  
700 |a Valle Alvarado, Roberto del  
773 |g volumen29, número2 (2011), páginas 229-245 : tablas, gráficos  
999 |c 25127  |d 25127